<?xml version="1.0" encoding="UTF-8"?>
<record
    xmlns:xsi="http://www.w3.org/2001/XMLSchema-instance"
    xsi:schemaLocation="http://www.loc.gov/MARC21/slim http://www.loc.gov/standards/marcxml/schema/MARC21slim.xsd"
    xmlns="http://www.loc.gov/MARC21/slim">

  <leader>02675nam a22003734a 4500</leader>
  <controlfield tag="001">ebr10172710</controlfield>
  <controlfield tag="003">CaPaEBR</controlfield>
  <controlfield tag="006">m        u        </controlfield>
  <controlfield tag="007">cr cn|||||||||</controlfield>
  <controlfield tag="008">030717s2004    txu     sb   s001 0 eng  </controlfield>
  <datafield tag="010" ind1=" " ind2=" ">
    <subfield code="z">  2003015881</subfield>
  </datafield>
  <datafield tag="020" ind1=" " ind2=" ">
    <subfield code="z">0292701810 (alk. paper)</subfield>
  </datafield>
  <datafield tag="040" ind1=" " ind2=" ">
    <subfield code="a">CaPaEBR</subfield>
    <subfield code="c">CaPaEBR</subfield>
  </datafield>
  <datafield tag="035" ind1=" " ind2=" ">
    <subfield code="a">(OCoLC)614968058</subfield>
  </datafield>
  <datafield tag="043" ind1=" " ind2=" ">
    <subfield code="a">e------</subfield>
    <subfield code="a">ff-----</subfield>
    <subfield code="a">aw-----</subfield>
  </datafield>
  <datafield tag="050" ind1="1" ind2="4">
    <subfield code="a">B598.P44</subfield>
    <subfield code="b">.V47 2004eb</subfield>
  </datafield>
  <datafield tag="082" ind1="0" ind2="4">
    <subfield code="a">187</subfield>
    <subfield code="2">22</subfield>
  </datafield>
  <datafield tag="245" ind1="0" ind2="0">
    <subfield code="a">Vergil, Philodemus, and the Augustans</subfield>
    <subfield code="h">[electronic resource] /</subfield>
    <subfield code="c">edited by David Armstrong ... [et al.].</subfield>
  </datafield>
  <datafield tag="250" ind1=" " ind2=" ">
    <subfield code="a">1st ed.</subfield>
  </datafield>
  <datafield tag="260" ind1=" " ind2=" ">
    <subfield code="a">Austin, TX :</subfield>
    <subfield code="b">University of Texas Press,</subfield>
    <subfield code="c">2004.</subfield>
  </datafield>
  <datafield tag="300" ind1=" " ind2=" ">
    <subfield code="a">xii, 361 p.</subfield>
  </datafield>
  <datafield tag="504" ind1=" " ind2=" ">
    <subfield code="a">Includes bibliographical references (p. [323]-342) and indexes.</subfield>
  </datafield>
  <datafield tag="505" ind1="0" ind2=" ">
    <subfield code="a">Vergil's farewell to education (Catalepton 5) and Epicurus' letter to Pythocles / Diskin Clay -- Philosophy's harbor / Francesca Longo Auricchio -- Vergil's epicureanism in his early poems / R&#xFFFD;egine Chambert -- Consolation in the bucolic mode : the Epicurean cadence of Vergil's first eclogue / Gregson Davis -- A secret garden : Georgics 4.116-148 / W.R. Johnson -- Vergil in the shadow of Vesuvius / Marcello Gigante -- The vocabulary of anger in Philodemus' De Ira and Vergil's Aeneid / Giovanni Indelli -- Anger, Philodemus' Good king, and the Helen episode of Aeneid 2.567-589 : a new proof of authenticity from Herculaneum / Jeffrey Fish -- Philodemus : avocatio and the pathos of distance in Lucretius and Vergil / Frederic M. Schroeder -- Piety in Vergil and Philodemus / Patricia A. Johnston -- Vergil's de pietate : from ehoiae to allegory in Vergil, Philodemus, and Ovid / Dirk Obbink -- Emotions and immortality in philodemus on the gods 3 and the Aeneid / Michael Wigodsky -- Carmen inane : Philodemus' aesthetics and Vergil's artistic vision / Marilyn B. Skinner -- Vergil and music, in diogenes of babylon and philodemus / Daniel Delattre -- Horace's Epistles 1 and Philodemus / David Armstrong -- Varius and Vergil : two pupils of Philodemus in propertius 2.34 / Francis Cairns.</subfield>
  </datafield>
  <datafield tag="533" ind1=" " ind2=" ">
    <subfield code="a">Electronic reproduction.</subfield>
    <subfield code="b">Palo Alto, Calif. :</subfield>
    <subfield code="c">ebrary,</subfield>
    <subfield code="d">2013.</subfield>
    <subfield code="n">Available via World Wide Web.</subfield>
    <subfield code="n">Access may be limited to ebrary affiliated libraries.</subfield>
  </datafield>
  <datafield tag="600" ind1="0" ind2="0">
    <subfield code="a">Philodemus,</subfield>
    <subfield code="d">ca. 110-ca. 40 B.C.</subfield>
  </datafield>
  <datafield tag="600" ind1="0" ind2="0">
    <subfield code="a">Epicurus.</subfield>
  </datafield>
  <datafield tag="600" ind1="0" ind2="0">
    <subfield code="a">Virgil.</subfield>
  </datafield>
  <datafield tag="650" ind1=" " ind2="0">
    <subfield code="a">Latin poetry</subfield>
    <subfield code="x">History and criticism.</subfield>
  </datafield>
  <datafield tag="651" ind1=" " ind2="0">
    <subfield code="a">Rome</subfield>
    <subfield code="v">Poetry.</subfield>
  </datafield>
  <datafield tag="655" ind1=" " ind2="7">
    <subfield code="a">Electronic books.</subfield>
    <subfield code="2">local</subfield>
  </datafield>
  <datafield tag="700" ind1="1" ind2=" ">
    <subfield code="a">Armstrong, David,</subfield>
    <subfield code="d">1940-</subfield>
  </datafield>
  <datafield tag="710" ind1="2" ind2=" ">
    <subfield code="a">ebrary, Inc.</subfield>
  </datafield>
  <datafield tag="856" ind1="4" ind2="0">
    <subfield code="u">http://site.ebrary.com/lib/rucke/Doc?id=10172710</subfield>
    <subfield code="z">An electronic book accessible through the World Wide Web; click to view</subfield>
  </datafield>
  <datafield tag="999" ind1=" " ind2=" ">
    <subfield code="c">138676</subfield>
    <subfield code="d">138676</subfield>
  </datafield>
</record>
